<?xml version="1.0" encoding="UTF-8"?>
<record
    xmlns:xsi="http://www.w3.org/2001/XMLSchema-instance"
    xsi:schemaLocation="http://www.loc.gov/MARC21/slim http://www.loc.gov/standards/marcxml/schema/MARC21slim.xsd"
    xmlns="http://www.loc.gov/MARC21/slim">

  <leader>00894nab a2200265 uc4500</leader>
  <controlfield tag="001">696496</controlfield>
  <controlfield tag="005">20240906091643.0</controlfield>
  <controlfield tag="008">011002s2000                        spa  </controlfield>
  <datafield tag="035" ind1=" " ind2=" ">
    <subfield code="a">696496</subfield>
  </datafield>
  <datafield tag="035" ind1=" " ind2=" ">
    <subfield code="a">(OCoLC)819918226</subfield>
  </datafield>
  <datafield tag="040" ind1=" " ind2=" ">
    <subfield code="c">comduadb</subfield>
  </datafield>
  <datafield tag="041" ind1=" " ind2=" ">
    <subfield code="a">spa</subfield>
  </datafield>
  <datafield tag="100" ind1="1" ind2="0">
    <subfield code="a">Astarita, Carlos</subfield>
    <subfield code="4">aut</subfield>
    <subfield code="e">aut</subfield>
    <subfield code="9">291250</subfield>
  </datafield>
  <datafield tag="245" ind1="1" ind2="0">
    <subfield code="a">Las sociedades precapitalistas en la perspectiva de la historia comparada</subfield>
  </datafield>
  <datafield tag="650" ind1=" " ind2="7">
    <subfield code="a">Sociolog&#xED;a hist&#xF3;rica</subfield>
    <subfield code="2">lemb</subfield>
    <subfield code="9">32130</subfield>
  </datafield>
  <datafield tag="650" ind1=" " ind2=" ">
    <subfield code="a">Musulmanes</subfield>
    <subfield code="9">32682</subfield>
  </datafield>
  <datafield tag="650" ind1=" " ind2=" ">
    <subfield code="a">Islamismo</subfield>
    <subfield code="9">33431</subfield>
  </datafield>
  <datafield tag="650" ind1=" " ind2=" ">
    <subfield code="a">Historia comparada</subfield>
    <subfield code="9">64802</subfield>
  </datafield>
  <datafield tag="650" ind1=" " ind2=" ">
    <subfield code="a">Feudalismo</subfield>
    <subfield code="9">2389</subfield>
  </datafield>
  <datafield tag="650" ind1=" " ind2=" ">
    <subfield code="a">Propiedad privada</subfield>
    <subfield code="9">45138</subfield>
  </datafield>
  <datafield tag="650" ind1=" " ind2="7">
    <subfield code="a">Capitalismo</subfield>
    <subfield code="2">lemb</subfield>
    <subfield code="9">197344</subfield>
  </datafield>
  <datafield tag="650" ind1=" " ind2="7">
    <subfield code="a">Historia econ&#xF3;mica</subfield>
    <subfield code="2">lemb</subfield>
    <subfield code="9">2240</subfield>
  </datafield>
  <datafield tag="773" ind1="0" ind2=" ">
    <subfield code="t">Humanitas. Revista de la Facultad de Filosof&#xED;a y Letras (Tucum&#xE1;n)</subfield>
    <subfield code="g">Vol. 23, No. 30-31, 2000, p. 23-35</subfield>
    <subfield code="w">333412</subfield>
    <subfield code="x">0441-4217</subfield>
    <subfield code="0">112762</subfield>
  </datafield>
  <datafield tag="942" ind1=" " ind2=" ">
    <subfield code="c">ARIMP</subfield>
  </datafield>
  <datafield tag="999" ind1=" " ind2=" ">
    <subfield code="c">212093</subfield>
    <subfield code="d">212093</subfield>
  </datafield>
</record>
